Úvod do štatistickej fyziky a termodynamiky /

Enregistré dans:
Détails bibliographiques
Auteurs principaux: Čulík, František, 1935- (Auteur), Noga, Milan (Auteur)
Format: Livre
Langue:slovaque
Publié: Bratislava : Alfa, 1993
Édition:2.dopl.vyd.
Collection:Edícia matematicko-fyzikálnej literatúry
Tags: Ajouter un tag
Pas de tags, Soyez le premier à ajouter un tag!

MARC

LEADER 00000nam a22000003a 4500
001 stu22226
005 20150617225746.9
008 940207s1993----cs------------------slo-d
040 |a STU  |b slo 
041 0 |a slo 
044 |a cs 
080 |a 536.758 
100 1 |a Čulík, František,  |d 1935-  |4 aut  |X 1568  |7 A000001568 
245 1 |a Úvod do štatistickej fyziky a termodynamiky /  |c [aut.]Čulík,František, Noga,Milan 
250 |a 2.dopl.vyd. 
260 |a Bratislava :  |b Alfa,  |c 1993 
300 |a 335 s :  |b Tab.,grafy,lit.,index 
700 1 |a Noga, Milan  |4 aut 
830 0 |a Edícia matematicko-fyzikálnej literatúry 
996 |b C92591  |c C*92591  |l CCXIII  |s P  |a 0  |w stu22226_0001